[Event "4NCL/Div4/ATH2 vs. GREN"]
[Site "Sunningdale ENG"]
[Date "2007.05.26"]
[Round "9.2"]
[White "Littlejohns, David P"]
[Black "Wilson, David"]
[Result "1-0"]
[WhiteElo "2080"]
[BlackElo "1740"]
[PlyCount "103"]
[EventDate "2007.05.26"]
[EventType "team"]
[EventRounds "11"]
[EventCountry "ENG"]
[WhiteTeam "Grendels Mother"]
[BlackTeam "Athenaeum 2"]

1. e4 d5 2. exd5 Qxd5 3. Nc3 Qa5 4. Bc4 Nf6 5. d3 c6 6. Bd2 Qc7 7. h3 Bf5 8.
Nf3 e6 9. Qe2 Nbd7 10. Nd4 Qe5 11. Qxe5 Nxe5 12. Nxf5 Nxc4 13. Nxg7+ Bxg7 14.
dxc4 h6 15. O-O-O O-O-O 16. Rhe1 Rd7 17. Be3 Rxd1+ 18. Rxd1 b6 19. a4 Rd8 20.
Rxd8+ Kxd8 21. c5 Nd7 22. cxb6 axb6 23. Kd2 f5 24. b3 e5 25. f3 f4 26. Bf2 Kc7
27. Ne4 Nf6 28. Nxf6 Bxf6 29. Kd3 c5 30. Ke4 Kd6 31. c3 Ke6 32. a5 bxa5 33.
Bxc5 Bd8 34. Ba3 h5 35. c4 Bc7 36. Bb2 Bb8 37. Bc3 Bc7 38. h4 Kf6 39. Kd5 Kf5
40. c5 Kf6 41. Kc6 Bd8 42. Kd7 Be7 43. c6 Bb4 44. Bxb4 axb4 45. c7 Kf5 46. c8=Q
e4 47. Qc5+ Kf6 48. fxe4 Kf7 49. Qf5+ Kg7 50. Ke7 Kg8 51. Qg6+ Kh8 52. Kf7 1-0

[Event "4NCL/Div4/ATH2 vs. GREN"]
[Site "Sunningdale ENG"]
[Date "2007.05.26"]
[Round "9.4"]
[White "Hibbitt, Arthur M"]
[Black "Sant, Maria"]
[Result "1-0"]
[WhiteElo "1895"]
[BlackElo "1420"]
[PlyCount "43"]
[EventDate "2007.05.26"]
[EventType "team"]
[EventRounds "11"]
[EventCountry "ENG"]
[WhiteTeam "Grendels Mother"]
[BlackTeam "Athenaeum 2"]

1. b4 e5 2. Bb2 d6 3. c4 Bf5 4. e3 g6 5. Be2 Bg7 6. f4 Ne7 7. fxe5 dxe5 8. Nf3
Nbc6 9. a3 O-O 10. O-O Qd7 11. b5 Na5 12. Bxe5 Bh6 13. Bc3 Nxc4 14. Bxc4 Rad8
15. Qe1 Bg4 16. Ne5 Qd6 17. Nxg4 Bxe3+ 18. Nxe3 Qb6 19. Qf2 Nf5 20. Nxf5 Qxf2+
21. Rxf2 Rde8 22. Nh6# 1-0

[Event "4NCL/Div4/JUTK vs. PAND"]
[Site "Sunningdale ENG"]
[Date "2007.05.27"]
[Round "10.1"]
[White "Cooley, Chris"]
[Black "Emms, John M"]
[Result "0-1"]
[WhiteElo "2276"]
[BlackElo "2499"]
[PlyCount "60"]
[EventDate "2007.05.27"]
[EventType "team"]
[EventRounds "11"]
[EventCountry "ENG"]
[WhiteTeam "Jutes of Kent"]
[BlackTeam "Pandoras Box"]

1. e4 c5 2. c3 d5 3. exd5 Qxd5 4. d4 Nc6 5. Nf3 Bg4 6. Be2 cxd4 7. cxd4 e6 8.
Nc3 Qa5 9. O-O Nf6 10. h3 Bh5 11. Be3 Bd6 12. a3 O-O 13. Qb3 Rab8 14. Rad1 Rfd8
15. Rfe1 h6 16. Nb5 Nd5 17. g4 Bg6 18. Nxd6 Rxd6 19. Ne5 Nxe5 20. dxe5 Rc6 21.
Rc1 Rbc8 22. Kf1 Bc2 23. Qxb7 Nxe3+ 24. fxe3 Qxe5 25. Qxa7 Qg3 26. Rxc2 Qxh3+
27. Kf2 Rxc2 28. Qd4 Qh2+ 29. Kf3 Qh4 30. Qb4 e5 0-1

[Event "4NCL/Div4/JUTK vs. PAND"]
[Site "Sunningdale ENG"]
[Date "2007.05.27"]
[Round "10.2"]
[White "Mannion, Stephen R"]
[Black "Naylor, John"]
[Result "1-0"]
[WhiteElo "2337"]
[BlackElo "2232"]
[PlyCount "43"]
[EventDate "2007.05.27"]
[EventType "team"]
[EventRounds "11"]
[EventCountry "ENG"]
[WhiteTeam "Pandoras Box"]
[BlackTeam "Jutes of Kent"]

1. e4 e5 2. Nf3 Nc6 3. Bb5 f5 4. Nc3 Nf6 5. exf5 Nd4 6. O-O Nxb5 7. Nxb5 e4 8.
Nh4 Be7 9. d3 c6 10. Nc3 exd3 11. Qxd3 d5 12. Bg5 Ne4 13. Nxe4 Bxg5 14. Nxg5
Qxg5 15. Rfe1+ Kf7 16. g3 g6 17. Re5 Qf6 18. fxg6+ hxg6 19. Rae1 Rg8 20. Qe3
Bf5 21. Re7+ Kf8 22. Qh6+ 1-0

[Event "4NCL/Div4/JUTK vs. PAND"]
[Site "Sunningdale ENG"]
[Date "2007.05.27"]
[Round "10.3"]
[White "Mack, Andy"]
[Black "Djipa, Neven"]
[Result "1/2-1/2"]
[WhiteElo "2213"]
[BlackElo "2275"]
[PlyCount "72"]
[EventDate "2007.05.27"]
[EventType "team"]
[EventRounds "11"]
[EventCountry "ENG"]
[WhiteTeam "Jutes of Kent"]
[BlackTeam "Pandoras Box"]

1. e4 Nf6 2. e5 Nd5 3. c4 Nb6 4. d4 d6 5. exd6 cxd6 6. Nc3 g6 7. Be3 Bg7 8. Rc1
O-O 9. b3 N6d7 10. d5 Nf6 11. Be2 Re8 12. Nf3 Bg4 13. O-O Nbd7 14. Re1 Qa5 15.
h3 Bxf3 16. Bxf3 a6 17. Bd2 Qc7 18. Ne4 Nxe4 19. Bxe4 Nc5 20. Bb1 Rac8 21. Bc3
Bxc3 22. Rxc3 Qa5 23. Rce3 Rc7 24. h4 e5 25. dxe6 Rxe6 26. h5 Rce7 27. Rxe6
Rxe6 28. Rxe6 Nxe6 29. hxg6 hxg6 30. Be4 Nc5 31. Qe2 Qc3 32. Bd5 Qc1+ 33. Kh2
Qh6+ 34. Kg1 Qc1+ 35. Kh2 Qh6+ 36. Kg1 Qc1+ 1/2-1/2

[Event "4NCL/Div4/JUTK vs. PAND"]
[Site "Sunningdale ENG"]
[Date "2007.05.27"]
[Round "10.4"]
[White "Taylor, Robert M"]
[Black "Harakis, Alexis"]
[Result "0-1"]
[WhiteElo "2215"]
[BlackElo "2179"]
[PlyCount "96"]
[EventDate "2007.05.27"]
[EventType "team"]
[EventRounds "11"]
[EventCountry "ENG"]
[WhiteTeam "Pandoras Box"]
[BlackTeam "Jutes of Kent"]

1. e4 e6 2. d4 d5 3. Nc3 Bb4 4. exd5 exd5 5. Bd3 Nf6 6. Nge2 O-O 7. O-O c6 8.
Ng3 Re8 9. Nce2 Bf8 10. c3 Nbd7 11. Qc2 a6 12. Bg5 h6 13. Bf4 c5 14. b3 b5 15.
b4 cxb4 16. cxb4 Bb7 17. Bc7 Qc8 18. Rfc1 Re6 19. Qb3 Rc6 20. Rxc6 Bxc6 21. Bf4
Nb6 22. Be5 Qd8 23. Bc2 Nc4 24. Nf5 g6 25. Ne3 Nd7 26. Bf4 Kh7 27. Ng4 Qh4 28.
Qf3 Re8 29. Bxh6 f5 30. Bxf5 Bxh6 31. Bxd7 Rf8 32. Bxc6 Rxf3 33. gxf3 Qe7 34.
Ng3 Nb6 35. a3 Bg7 36. Kf1 Qe6 37. Bb7 Nc4 38. Kg2 Qd7 39. Bxa6 Qc6 40. Re1
Qxa6 41. Re7 Qd6 42. Rb7 Nxa3 43. h4 Nc2 44. h5 Ne1+ 45. Kf1 Nxf3 46. h6 Nh2+
47. Nxh2 Kxh6 48. Rxb5 Qa6 0-1

[Event "4NCL/Div4/JUTK vs. PAND"]
[Site "Sunningdale ENG"]
[Date "2007.05.27"]
[Round "10.5"]
[White "Rich, Mark"]
[Black "Birtwhistle, Nigel"]
[Result "1/2-1/2"]
[WhiteElo "2189"]
[BlackElo "2105"]
[PlyCount "88"]
[EventDate "2007.05.27"]
[EventType "team"]
[EventRounds "11"]
[EventCountry "ENG"]
[WhiteTeam "Jutes of Kent"]
[BlackTeam "Pandoras Box"]

1. e4 g6 2. Nc3 Bg7 3. d4 d6 4. Be3 a6 5. Qd2 Nd7 6. a4 b6 7. Nf3 Bb7 8. Bc4 h6
9. h3 e6 10. O-O Ne7 11. Rfe1 Kf8 12. Rad1 Kg8 13. Nh2 Nf6 14. Bd3 Kh7 15. Ng4
Nxg4 16. hxg4 Nc6 17. Ne2 Qh4 18. f3 Rae8 19. c3 Qe7 20. Kf2 Kg8 21. Rh1 g5 22.
Ng3 Nb8 23. Bc2 Nd7 24. Bb3 Nf6 25. Qd3 d5 26. e5 Nd7 27. c4 c5 28. cxd5 cxd4
29. Bxd4 Nxe5 30. Bxe5 Bxe5 31. dxe6 Qc5+ 32. Kf1 Bxg3 33. exf7+ Kg7 34.
fxe8=N+ Rxe8 35. Qc3+ Qxc3 36. bxc3 Re7 37. Rh3 Bf4 38. Rd3 a5 39. Bc4 Bc6 40.
Bb5 Bxb5 41. axb5 Rc7 42. g3 Be5 43. Rd5 Bf6 {=} 44. f4 a4 1/2-1/2

[Event "4NCL/Div4/JUTK vs. PAND"]
[Site "Sunningdale ENG"]
[Date "2007.05.27"]
[Round "10.6"]
[White "Woolley, Jos"]
[Black "Donovan, Nigel"]
[Result "0-1"]
[WhiteElo "2091"]
[BlackElo "2108"]
[PlyCount "44"]
[EventDate "2007.05.27"]
[EventType "team"]
[EventRounds "11"]
[EventCountry "ENG"]
[WhiteTeam "Pandoras Box"]
[BlackTeam "Jutes of Kent"]

1. e4 c5 2. Nf3 d6 3. Bb5+ Bd7 4. Bxd7+ Qxd7 5. O-O Nc6 6. Qe2 g6 7. c3 Bg7 8.
Rd1 d5 9. exd5 Qxd5 10. d4 O-O-O 11. Na3 Nf6 12. Be3 Qh5 13. Qc4 cxd4 14. cxd4
Nd5 15. Bg5 Kb8 16. Bh4 Rc8 17. Bg3+ Ka8 18. Rac1 Rhd8 19. Ne5 Bxe5 20. dxe5
Nb6 21. Rxd8 Rxd8 22. Qb3 Nd4 0-1

[Event "4NCL/Div4/CAMB2 vs. NOTT1"]
[Site "Sunningdale ENG"]
[Date "2007.05.27"]
[Round "10.1"]
[White "Pickard, Charles"]
[Black "Richmond, Robert J"]
[Result "1/2-1/2"]
[WhiteElo "2160"]
[BlackElo "2229"]
[PlyCount "40"]
[EventDate "2007.05.27"]
[EventType "team"]
[EventRounds "11"]
[EventCountry "ENG"]
[WhiteTeam "Cambridge Uni 2 "]
[BlackTeam "Notts 1"]

1. c4 f5 2. d4 Nf6 3. g3 d6 4. d5 e5 5. dxe6 Bxe6 6. Bg2 c6 7. Nd2 Nbd7 8. Ngf3
g6 9. O-O Ne5 10. b3 Bg7 11. Bb2 Qc7 12. Qc2 Rd8 13. Rad1 O-O 14. Ng5 Bc8 15.
Nh3 Nh5 16. e3 h6 17. Nf4 Nxf4 18. gxf4 Ng4 19. Nf3 Qe7 20. Bxg7 Kxg7 1/2-1/2

[Event "4NCL/Div4/CAMB2 vs. NOTT1"]
[Site "Sunningdale ENG"]
[Date "2007.05.27"]
[Round "10.2"]
[White "Mercs, Peter J"]
[Black "Churm, Rohan M"]
[Result "0-1"]
[WhiteElo "2078"]
[BlackElo "2185"]
[PlyCount "78"]
[EventDate "2007.05.27"]
[EventType "team"]
[EventRounds "11"]
[EventCountry "ENG"]
[WhiteTeam "Notts 1"]
[BlackTeam "Cambridge Uni 2 "]

1. e4 e6 2. d4 d5 3. e5 c5 4. c3 Nc6 5. Nf3 Bd7 6. Be2 f6 7. O-O cxd4 8. cxd4
fxe5 9. Nxe5 Nxe5 10. dxe5 Bc5 11. Bh5+ g6 12. Bg4 Ne7 13. Bh6 Qb6 14. Nc3
O-O-O 15. Na4 Bxa4 16. Qxa4 Nf5 17. Bg5 Rd7 18. a3 Rc7 19. Rac1 Kb8 20. Bxf5
gxf5 21. b4 Bd4 22. Rxc7 Qxc7 23. Rc1 Qxe5 24. Qd7 a6 25. b5 axb5 26. Bd8 Bc3
27. Be7 Qe2 28. Bd6+ Ka8 29. Qc7 d4 30. Bc5 b4 31. axb4 Qa6 32. Qg7 Rd8 33. Qf6
Rg8 34. Bxd4 Qc6 35. g3 Bxd4 36. Rxc6 Bxf6 37. Rxe6 Bc3 38. b5 Ka7 39. Re7 Rg7
0-1

[Event "4NCL/Div4/CAMB2 vs. NOTT1"]
[Site "Sunningdale ENG"]
[Date "2007.05.27"]
[Round "10.3"]
[White "Cooley, Oliver"]
[Black "Levens, David"]
[Result "1-0"]
[WhiteElo "2090"]
[BlackElo "2085"]
[PlyCount "63"]
[EventDate "2007.05.27"]
[EventType "team"]
[EventRounds "11"]
[EventCountry "ENG"]
[WhiteTeam "Cambridge Uni 2 "]
[BlackTeam "Notts 1"]

1. e4 c5 2. Nf3 d6 3. d4 cxd4 4. Nxd4 Nf6 5. Nc3 g6 6. Be3 Bg7 7. f3 a6 8. Qd2
Qc7 9. O-O-O Nbd7 10. g4 Ne5 11. g5 Nfd7 12. Nd5 Qb8 13. f4 Ng4 14. f5 Nxe3 15.
Qxe3 h5 16. fxg6 fxg6 17. Ne6 Ne5 18. Nec7+ Kf7 19. Be2 Rd8 20. Rhf1+ Kg8 21.
Nxe7+ Kh7 22. Nxa8 Qxa8 23. Bxh5 gxh5 24. g6+ Kh8 25. Qg5 Bg4 26. h3 Nf3 27.
Qd5 Bh6+ 28. Kb1 Rd7 29. hxg4 Rxe7 30. Rxf3 Qe8 31. Qxh5 Kg7 32. g5 1-0

[Event "4NCL/Div4/CAMB2 vs. NOTT1"]
[Site "Sunningdale ENG"]
[Date "2007.05.27"]
[Round "10.4"]
[White "Truman, Richard G"]
[Black "Spencer, Carl"]
[Result "0-1"]
[WhiteElo "2030"]
[BlackElo "2030"]
[PlyCount "76"]
[EventDate "2007.05.27"]
[EventType "team"]
[EventRounds "11"]
[EventCountry "ENG"]
[WhiteTeam "Notts 1"]
[BlackTeam "Cambridge Uni 2 "]

1. d4 e6 2. c4 Nf6 3. Nc3 Bb4 4. e3 b6 5. Nge2 c5 6. a3 Ba5 7. Bd2 O-O 8. Rb1
Qe7 9. Ng3 Bb7 10. Nb5 Bxd2+ 11. Qxd2 d5 12. cxd5 exd5 13. Bd3 a6 14. Nf5 Qd7
15. Nbd6 c4 16. Bc2 g6 17. Nh6+ Kg7 18. Ndxf7 Rxf7 19. Nxf7 Qxf7 20. O-O Nc6
21. f4 Bc8 22. f5 Bxf5 23. Bxf5 gxf5 24. Rxf5 Qe6 25. Rbf1 Rf8 26. Qe1 Ne7 27.
Qg3+ Kh8 28. Re5 Qd6 29. Qh3 Ng6 30. Re6 Qd8 31. g4 Ne4 32. Rf5 Rxf5 33. gxf5
Qg5+ 34. Kf1 Nh4 35. Rxb6 Nxf5 36. Ke2 Nxd4+ 37. Ke1 Qg1+ 38. Qf1 Qxe3+ 0-1

[Event "4NCL/Div4/CAMB2 vs. NOTT1"]
[Site "Sunningdale ENG"]
[Date "2007.05.27"]
[Round "10.5"]
[White "Gooding, Ian"]
[Black "Webster, Richard J"]
[Result "1/2-1/2"]
[WhiteElo "1994"]
[BlackElo "1984"]
[PlyCount "80"]
[EventDate "2007.05.27"]
[EventType "team"]
[EventRounds "11"]
[EventCountry "ENG"]
[WhiteTeam "Cambridge Uni 2 "]
[BlackTeam "Notts 1"]

1. e4 e6 2. d4 d5 3. Nd2 dxe4 4. Nxe4 Nd7 5. Bd3 Ngf6 6. Bg5 c5 7. dxc5 Nxc5 8.
Bb5+ Bd7 9. Bxf6 Qa5+ 10. Bc3 Qxb5 11. Nxc5 Qxc5 12. Nf3 f6 13. Qe2 e5 14.
O-O-O Be7 15. Nd2 O-O-O 16. Ne4 Qc6 17. g4 Be6 18. Rhe1 Qc4 19. Qxc4+ Bxc4 20.
Nd2 Bb5 21. f4 Bd7 22. Re4 Bxg4 23. Rg1 f5 24. Rc4+ Kb8 25. Bxe5+ Bd6 26. Bxg7
Rhg8 27. Bd4 b5 28. Rc6 Bxf4 29. c3 Rg6 30. Rc5 a6 31. Be5+ Bxe5 32. Rxe5 Rgd6
33. Rg2 R8d7 34. Kc2 Kc7 35. a4 Kc6 36. axb5+ axb5 37. Rf2 Rd5 38. Re6+ R5d6
39. Re5 Rd5 40. Re6+ R5d6 1/2-1/2

[Event "4NCL/Div4/CAMB2 vs. NOTT1"]
[Site "Sunningdale ENG"]
[Date "2007.05.27"]
[Round "10.6"]
[White "Burke, Steven J"]
[Black "Gallagher, Ian G"]
[Result "0-1"]
[WhiteElo "2055"]
[BlackElo "2005"]
[PlyCount "114"]
[EventDate "2007.05.27"]
[EventType "team"]
[EventRounds "11"]
[EventCountry "ENG"]
[WhiteTeam "Notts 1"]
[BlackTeam "Cambridge Uni 2 "]

1. d4 Nf6 2. f3 d5 3. e4 dxe4 4. Nc3 exf3 5. Nxf3 c6 6. Bc4 Bf5 7. O-O e6 8.
Ne5 Bxc2 9. Nxf7 Kxf7 10. Qxc2 Qxd4+ 11. Be3 Qxc4 12. Rf4 Qxf4 13. Bxf4 Bc5+
14. Kh1 Nbd7 15. Ne4 Nxe4 16. Qxe4 Nf6 17. Qe5 Bb6 18. Rf1 Rhe8 19. Bg5 Bd8 20.
Bd2 Kg8 21. Bc3 Rc8 22. g4 Rc7 23. Re1 Nd5 24. Qd6 {=} Rce7 25. Bd2 Bc7 26. Qa3
Rf7 27. Qxa7 Bb6 28. Qa3 Rf2 29. Bb4 Rf4 30. Bc5 Bxc5 31. Qxc5 Rxg4 32. Qd6 Rg6
33. Qd7 Re7 34. Qd8+ Kf7 35. Rf1+ Nf6 36. Qh8 h6 37. Qc8 Rg5 38. Rd1 Rd5 39.
Rg1 Ne4 40. Rf1+ Nf6 41. Rg1 Rg5 42. Rf1 e5 43. h4 Rg6 44. Qf5 e4 45. Re1 Rg4
46. Qf2 h5 47. Kh2 Kg8 48. Kh3 Nd5 49. Qf5 g6 50. Qc8+ Kg7 51. Rf1 Nf4+ 52. Kh2
e3 53. Qd8 Kf7 54. Qh8 e2 55. Qh7+ Ke8 56. Qh8+ Kd7 57. Qd4+ Nd5 0-1

[Event "4NCL/Div4/CONQ1 vs. HC"]
[Site "Sunningdale ENG"]
[Date "2007.05.27"]
[Round "10.1"]
[White "Prizant, Michael"]
[Black "Tavoularis, Nicholas"]
[Result "1-0"]
[WhiteElo "2159"]
[BlackElo "2265"]
[PlyCount "69"]
[EventDate "2007.05.27"]
[EventType "team"]
[EventRounds "11"]
[EventCountry "ENG"]
[WhiteTeam "Conquistadors 1"]
[BlackTeam "H Coventry"]

1. e4 c5 2. c3 Nf6 3. e5 Nd5 4. d4 cxd4 5. Nf3 e6 6. cxd4 b6 7. Bc4 Bb7 8. O-O
Na6 9. Nbd2 f5 10. exf6 Nxf6 11. Ne5 Nc7 12. f4 Be7 13. f5 O-O 14. fxe6 dxe6
15. Ndf3 Nfd5 16. Qe2 Nf4 17. Bxf4 Rxf4 18. Rad1 Qd6 19. Rfe1 Raf8 20. Kh1 Kh8
21. Bd3 Qd8 22. Rc1 Bd6 23. Bb1 Qe8 24. Rf1 Qh5 25. Rf2 g5 26. Rcf1 g4 27. Nd2
Bxe5 28. dxe5 Nd5 29. Ne4 Qh6 30. Rxf4 Rxf4 31. Rxf4 Qxf4 32. Ng3 Ne3 33. Qd3
Nf5 34. Qd8+ Kg7 35. Nh5+ 1-0

[Event "4NCL/Div4/CONQ1 vs. HC"]
[Site "Sunningdale ENG"]
[Date "2007.05.27"]
[Round "10.2"]
[White "Briscoe, Christopher"]
[Black "Atako, Chino"]
[Result "0-1"]
[WhiteElo "2121"]
[BlackElo "2174"]
[PlyCount "78"]
[EventDate "2007.05.27"]
[EventType "team"]
[EventRounds "11"]
[EventCountry "ENG"]
[WhiteTeam "H Coventry"]
[BlackTeam "Conquistadors 1"]

1. e4 c5 2. Nf3 g6 3. c3 Bg7 4. d4 cxd4 5. cxd4 d5 6. e5 Nc6 7. Be2 f6 8. Nc3
Be6 9. O-O Nh6 10. Re1 O-O 11. Bb5 Bg4 12. Bxc6 bxc6 13. Bxh6 Bxh6 14. e6 Qd6
15. Qe2 Rab8 16. b3 Qb4 17. Na4 Bxf3 18. Qxf3 Qxd4 19. Rad1 Qb4 20. Qd3 Rfd8
21. Qd4 Qxd4 22. Rxd4 Rb5 23. f4 Rd6 24. g4 f5 25. gxf5 gxf5 26. Kf2 c5 27. Nc3
Ra5 28. Rxd5 Rxa2+ 29. Kf3 Rxd5 30. Nxd5 Kf8 31. Rc1 Rb2 32. Rxc5 Rxb3+ 33. Kf2
Rb7 34. Kg3 Kg7 35. Kh4 Kg6 36. Ra5 Bg7 37. Ne3 Bf6+ 38. Kg3 Rb3 39. Kf2 Bd4
0-1

[Event "4NCL/Div4/CONQ1 vs. HC"]
[Site "Sunningdale ENG"]
[Date "2007.05.27"]
[Round "10.3"]
[White "Turner, Caius"]
[Black "Stinton-Brownbridge, Michael"]
[Result "0-1"]
[WhiteElo "2110"]
[BlackElo "2025"]
[PlyCount "50"]
[EventDate "2007.05.27"]
[EventType "team"]
[EventRounds "11"]
[EventCountry "ENG"]
[WhiteTeam "Conquistadors 1"]
[BlackTeam "H Coventry"]

1. Nf3 d5 2. d4 Nf6 3. c4 c6 4. Nc3 e6 5. Bg5 Be7 6. e3 Nbd7 7. a3 O-O 8. Qc2
a6 9. c5 e5 10. dxe5 Ng4 11. Bf4 g5 12. h3 Nxf2 13. Nxg5 Bxg5 14. Qxf2 Kh8 15.
b4 a5 16. Qb2 Bxf4 17. exf4 Qh4+ 18. Kd1 Qxf4 19. Bd3 Qd4 20. Kc2 Nxe5 21. Rad1
Nxd3 22. Rxd3 Bf5 23. Rhd1 axb4 24. axb4 Qc4 25. g4 Bxd3+ 0-1

[Event "4NCL/Div4/CONQ1 vs. HC"]
[Site "Sunningdale ENG"]
[Date "2007.05.27"]
[Round "10.4"]
[White "Forman, Karl L"]
[Black "Ynojosa, Felix J"]
[Result "1/2-1/2"]
[WhiteElo "2039"]
[BlackElo "2100"]
[PlyCount "92"]
[EventDate "2007.05.27"]
[EventType "team"]
[EventRounds "11"]
[EventCountry "ENG"]
[WhiteTeam "H Coventry"]
[BlackTeam "Conquistadors 1"]

1. e4 c5 2. d4 cxd4 3. c3 d3 4. Bxd3 Nc6 5. f4 Nf6 6. Nf3 d5 7. e5 Nd7 8. O-O
e6 9. b4 b5 10. Be3 a6 11. a4 bxa4 12. Qxa4 Bb7 13. Nbd2 Be7 14. b5 axb5 15.
Qxb5 Rxa1 16. Rxa1 Qc7 17. c4 dxc4 18. Nxc4 O-O 19. Be4 f5 20. exf6 Nxf6 21.
Bxc6 Bxc6 22. Qe5 Qxe5 23. Ncxe5 Bd5 24. Ra7 Bd6 25. Ng5 Bxe5 26. fxe5 Ng4 27.
Bc5 Rc8 28. h3 Rxc5 29. hxg4 h6 30. Nh3 Rc1+ 31. Kh2 Rc2 32. Nf4 g5 33. Nxd5
exd5 34. Rd7 Rd2 35. Kg3 d4 36. Kf3 d3 37. Ke4 Rxg2 38. Kf5 d2 39. e6 Kf8 40.
Kg6 Ke8 41. Kf6 Rf2+ 42. Kg6 Rh2 43. Kf6 Re2 44. Kf5 Rf2+ 45. Kg6 Rh2 46. Kf6
Rf2+ 1/2-1/2

[Event "4NCL/Div4/CONQ1 vs. HC"]
[Site "Sunningdale ENG"]
[Date "2007.05.27"]
[Round "10.5"]
[White "Archer-Lock, Christopher"]
[Black "Foord, Dominic"]
[Result "1/2-1/2"]
[WhiteElo "2065"]
[BlackElo "1969"]
[PlyCount "66"]
[EventDate "2007.05.27"]
[EventType "team"]
[EventRounds "11"]
[EventCountry "ENG"]
[WhiteTeam "Conquistadors 1"]
[BlackTeam "H Coventry"]

1. d4 e6 2. Nf3 f5 3. Bg5 Nf6 4. Nbd2 Be7 5. Bxf6 Bxf6 6. e4 O-O 7. Bd3 d5 8.
e5 Be7 9. Qe2 c5 10. c3 Nc6 11. dxc5 Bxc5 12. Nb3 Bb6 13. Nfd4 Bxd4 14. cxd4
Qb6 15. Qe3 f4 16. Qd2 Kh8 17. Be2 a5 18. O-O a4 19. Nc5 Nxe5 20. Nxe6 Qxe6 21.
dxe5 Qxe5 22. Bf3 Be6 23. Rfe1 Qf5 24. Rac1 Rfc8 25. Qd4 Rc6 26. h3 Qf7 27. Qe5
Rxc1 28. Rxc1 Qf6 29. Qxf6 gxf6 30. Rd1 Ra5 31. Rd4 a3 32. bxa3 Rxa3 33. Bxd5
Bxd5 1/2-1/2

[Event "4NCL/Div4/CONQ1 vs. HC"]
[Site "Sunningdale ENG"]
[Date "2007.05.27"]
[Round "10.6"]
[White "Alcock, Graham P"]
[Black "Foster, James C"]
[Result "0-1"]
[WhiteElo "1935"]
[BlackElo "1950"]
[PlyCount "72"]
[EventDate "2007.05.27"]
[EventType "team"]
[EventRounds "11"]
[EventCountry "ENG"]
[WhiteTeam "H Coventry"]
[BlackTeam "Conquistadors 1"]

1. e4 d5 2. exd5 Qxd5 3. Qf3 Qd8 4. Bc4 Nf6 5. Ne2 c6 6. h3 g6 7. O-O Bg7 8. d4
O-O 9. Bg5 h6 10. Bd2 Nbd7 11. c3 e5 12. Qg3 exd4 13. Nxd4 Ne4 14. Qxg6 Ne5 15.
Bxf7+ Rxf7 16. Qxe4 c5 17. Nb3 Bf5 18. Qe3 Nc4 19. Qxc5 Rc8 20. Qb4 Bd3 21. Re1
a5 22. Qa4 b5 23. Qxb5 Nxd2 24. Qxa5 Qxa5 25. Nxa5 Nxb1 26. Nb3 Rb8 27. Re3 Bg6
28. Re2 Rd7 29. f4 Rd1+ 30. Kh2 Bd3 31. Rf2 Bc4 32. Na5 Bd5 33. Rc2 Rd2 34.
Rxd2 Nxd2 35. Rd1 Rxb2 36. c4 Bxc4 0-1

[Event "4NCL/Div4/CELT vs. FCA2"]
[Site "Sunningdale ENG"]
[Date "2007.05.27"]
[Round "10.1"]
[White "Wipperman, Till"]
[Black "Fraser-Mitchell, Jeremy"]
[Result "1-0"]
[WhiteElo "2422"]
[BlackElo "2084"]
[PlyCount "35"]
[EventDate "2007.05.27"]
[EventType "team"]
[EventRounds "11"]
[EventCountry "ENG"]
[SourceDate "2007.05.27"]
[WhiteTeam "Celtic Tigers"]
[BlackTeam "FCA Solutions 2"]

1. e4 e6 2. d4 d5 3. Nc3 Bb4 4. exd5 exd5 5. Bd3 Nc6 6. a3 Bxc3+ 7. bxc3 Be6 8.
Rb1 b6 9. Ne2 Qd7 10. O-O Nge7 11. Re1 O-O 12. Ng3 Bg4 13. f3 Be6 14. Qe2 Na5
15. Nh5 Ng6 16. Bh6 Qc6 17. Bxg7 Qxc3 18. Qe3 1-0

[Event "4NCL/Div4/CELT vs. FCA2"]
[Site "Sunningdale ENG"]
[Date "2007.05.27"]
[Round "10.2"]
[White "Kendall, Paul S N"]
[Black "Kemp, Peter D"]
[Result "1/2-1/2"]
[WhiteElo "2065"]
[BlackElo "2195"]
[PlyCount "94"]
[EventDate "2007.05.27"]
[EventType "team"]
[EventRounds "11"]
[EventCountry "ENG"]
[SourceDate "2007.05.27"]
[WhiteTeam "FCA Solutions 2"]
[BlackTeam "Celtic Tigers"]

1. e4 e5 2. Nf3 Nc6 3. Bb5 a6 4. Ba4 Nf6 5. d4 Nxe4 6. O-O b5 7. Bb3 d5 8. dxe5
Be6 9. c3 Be7 10. Nbd2 Nc5 11. Bc2 d4 12. cxd4 Nxd4 13. Nxd4 Qxd4 14. Nf3 Qd5
15. Re1 {=} Rd8 16. Qxd5 Bxd5 17. Be3 O-O 18. Rac1 Ne6 19. Bf5 Bb4 20. Red1
Bxa2 21. h4 Rxd1+ 22. Rxd1 a5 23. Rd7 c6 24. h5 h6 25. g4 a4 26. Ra7 Bd5 27.
Nh4 Re8 28. Bb1 Bc5 29. Bxc5 Nxc5 30. Nf5 Bf3 31. Nd6 Rf8 32. Bf5 Bd5 33. Nc8
Rd8 34. Ne7+ Kf8 35. f4 Ne6 36. Bxe6 Bxe6 37. Nxc6 Rc8 38. Nd4 Bxg4 39. Nxb5 {=
} Bxh5 40. Rxa4 Rb8 41. Nd6 Rxb2 42. Ra8+ Ke7 43. Nf5+ Kd7 44. Ra7+ Kc6 45.
Nxg7 Bg4 46. Rxf7 Kd5 47. e6 Bxe6 1/2-1/2

[Event "4NCL/Div4/CELT vs. FCA2"]
[Site "Sunningdale ENG"]
[Date "2007.05.27"]
[Round "10.3"]
[White "Thomas, Robert K"]
[Black "Elwin, Adrian G"]
[Result "0-1"]
[WhiteElo "2147"]
[BlackElo "2041"]
[PlyCount "80"]
[EventDate "2007.05.27"]
[EventType "team"]
[EventRounds "11"]
[EventCountry "ENG"]
[SourceDate "2007.05.27"]
[WhiteTeam "Celtic Tigers"]
[BlackTeam "FCA Solutions 2"]

1. d4 Nf6 2. c4 g6 3. Nc3 Bg7 4. e4 d6 5. f3 O-O 6. Bg5 Nbd7 7. Qd2 c6 8. Nge2
Nb6 9. Nc1 e5 10. d5 cxd5 11. Nxd5 Nbxd5 12. cxd5 Bd7 13. Bd3 Qb6 14. Be3 Qc7
15. Ne2 Rac8 16. O-O h5 17. Rac1 Qb8 18. Qa5 b6 19. Qb4 Ne8 20. Rxc8 Qxc8 21.
Rc1 Qd8 22. Qa3 Qb8 23. Nc3 f5 24. Bb5 Bxb5 25. Nxb5 fxe4 26. fxe4 a5 27. Qd3
Qd8 28. h3 Kh7 29. Rc6 Qh4 30. Kh2 Qe1 31. Rc1 Qh4 32. g3 Qf6 33. Bxb6 h4 34.
Rg1 Bh6 35. g4 Bf4+ 36. Kg2 Qg5 37. Re1 Nf6 38. Bf2 Nxg4 39. hxg4 Qxg4+ 40. Kh1
Bg3 0-1

[Event "4NCL/Div4/CELT vs. FCA2"]
[Site "Sunningdale ENG"]
[Date "2007.05.27"]
[Round "10.4"]
[White "Majer, Chris E"]
[Black "Haldane, Robin"]
[Result "0-1"]
[WhiteElo "2036"]
[BlackElo "2117"]
[PlyCount "104"]
[EventDate "2007.05.27"]
[EventType "team"]
[EventRounds "11"]
[EventCountry "ENG"]
[SourceDate "2007.05.27"]
[WhiteTeam "FCA Solutions 2"]
[BlackTeam "Celtic Tigers"]

1. e4 e5 2. Bc4 Nf6 3. d4 exd4 4. Nf3 Nc6 5. e5 d5 6. Bb5 Ne4 7. Nxd4 Bc5 8.
O-O O-O 9. Nxc6 bxc6 10. Bxc6 Ba6 11. Qxd5 Bxf1 12. Qxe4 Ba6 13. Nc3 Rb8 14. b3
Qd4 15. Qf3 Rb6 16. Bb2 Rxc6 17. Rd1 Qxf2+ 18. Qxf2 Bxf2+ 19. Kxf2 f6 20. e6
Rxe6 21. Rd2 Rd6 22. Rxd6 cxd6 23. Nd5 Bb7 24. Ne3 Rc8 25. Bd4 Be4 26. c3 Kf7
27. Nc4 Ke6 28. Nd2 Bc6 29. g3 Rc7 30. Ke3 g5 31. Nc4 f5 32. Nd2 Rf7 33. Nc4
f4+ 34. gxf4 Rxf4 35. Bxa7 Rh4 36. Bb8 Rxh2 37. a4 Rh3+ 38. Kd4 Rh4+ 39. Ke3
Bxa4 40. Nxd6 Bxb3 41. Ne4 Kf5 42. Nd2 Bd5 43. Bc7 h5 44. Bd8 Ra4 45. Nf1 h4
46. Kf2 Rf4+ 47. Kg1 Ke4 48. Nh2 Rf8 49. Be7 Rf7 50. Bd8 Kd3 51. Ng4 Ke2 52.
Nh2 Rb7 0-1